00437 2200181 4500001002100000005001500021035002000036008004100056245003800097100001900135250000600154260003600160300001100196084001400207082000800221650001400229990001200243INLIS00000000000017220240502114248 a0010-0424000148240502 0 ind 1 aMenjadi Cerpenis /cJohan Wahyudi aWahyudi, Johan a1 aBandung :bPustaka Sunda,c2010 a74 hlm a400 JOH m a400 4aNon Fiksi a0732483